Six Sigma: V čem je problém?

Hmotná zainteresovanosť ako kľúčový bod pri realizácii systému Six sigma. Ako uplatňovať Six sigma, aby sa dosiahol očakávaný úspech. Vychádzajúc z doterajších skúseností organizácií, problémy, na ktoré treba reagovať, sa týkajú piatich oblastí. Popis týchto problémov a ich riešenie. Six sigma ako...

Descrizione completa

Salvato in:
Dettagli Bibliografici
Natura: Capitolo di libro
Lingua:ceco
Soggetti:
Tags: Aggiungi Tag
Nessun Tag, puoi essere il primo ad aggiungerne!!

MARC

LEADER 00000naa$a2200000$$$4500
001 0028468
005 20231106122034.4
041 0 |a cze 
044 |a CZ 
245 1 0 |a Six Sigma: V čem je problém? 
520 |a Hmotná zainteresovanosť ako kľúčový bod pri realizácii systému Six sigma. Ako uplatňovať Six sigma, aby sa dosiahol očakávaný úspech. Vychádzajúc z doterajších skúseností organizácií, problémy, na ktoré treba reagovať, sa týkajú piatich oblastí. Popis týchto problémov a ich riešenie. Six sigma ako proces, ktorý od manažmentu vyžaduje správne očakávania. 
610 2 0 |a riadenie podnikové 
610 2 0 |a metódy riadenia 
610 2 0 |a systémy riadenia 
610 2 0 |a kvalita 
610 2 0 |a projekty 
610 2 0 |a riadenie zmien 
610 2 0 |a vedenie ľudí 
610 2 0 |a odmeňovanie 
610 2 0 |a lojálnosť zákazníkov 
610 2 0 |a náklady 
610 2 0 |a výnosy